Call of Duty: Black Ops Maps - Statistics

General Stats
  • This quiz has been taken 67 times
  • The average score is 11 of 26
Answer Stats
Original Map % Correct
A Nuketown
92%
A Firing Range
71%
A Jungle
68%
A Summit
63%
A WMD
63%
A Havana
61%
A Array
55%
A Hanoi
53%
A Villa
48%
A Grid
45%
A Launch
45%
C Hotel
42%
A Cracked
40%
A Radiation
40%
A Crisis
37%
D Hangar 18
35%
D Hazard
34%
B Kowloon
34%
C Zoo
32%
B Stadium
27%
B Berlin Wall
26%
D Drive-In
26%
C Convoy
21%
B Discovery
21%
D Silo
21%
C Stockpile
21%
No matching quizzes found
Score Distribution
Percent of People with Each Score
Percentile by Number Answered
Your Score History
You have not taken this quiz